Loading...

Social organisation

Bibliographic Details
Main Authors: Perry, W J; Ed, Rivers, W H R
Format: Printed Book
Published: New Delhi, SBW Publishers 1991
Subjects:
LEADER 004490000a22001570004500
082 |a 306 N1 
100 |a Perry, W J; Ed 
100 |a Rivers, W H R 
245 |a Social organisation 
260 |a New Delhi, SBW Publishers 
260 |c 1991 
465 |a R 250 
650 |a Social structure 
942 |c BK 
999 |c 8580  |d 8580 
952 |0 0  |1 0  |4 0  |6 306_000000000000000_N1  |7 0  |8 ENG  |9 8374  |a MGUL  |b MGUL  |d 2013-07-16  |e R 250  |l 0  |o 306 N1  |p 11956  |r 2019-03-26  |w 2013-07-16  |y BK